|
|
|
|
| LEADER |
01140naa a2200217 i 4500 |
| 001 |
acta77752 |
| 005 |
20221209085700.0 |
| 008 |
221209s2020 hu o 1|| hun d |
| 020 |
|
|
|a 978-615-00-9451-9
|
| 040 |
|
|
|a SZTE Egyetemi Kiadványok Repozitórium
|b hun
|
| 041 |
|
|
|a hun
|
| 100 |
1 |
|
|a Hunyadi Zsolt
|
| 245 |
1 |
0 |
|a Középkori puzzle, hiányzó darabokkal
|h [elektronikus dokumentum] :
|b a johanniták generális káptalanjainak listái : [absztrakt] /
|c Hunyadi Zsolt
|
| 260 |
|
|
|a Primaware
|b Szeged
|c 2020
|
| 300 |
|
|
|a 15
|
| 490 |
0 |
|
|a A Szegedi Információtörténeti Műhely konferenciájának előadásai
|v 9
|
| 650 |
|
4 |
|a Bölcsészettudományok
|
| 650 |
|
4 |
|a Történettudomány és régészet
|
| 695 |
|
|
|a Máltai lovagrend - előadáskivonat, Adattárolás története - előadáskivonat, Információgyűjtés - előadáskivonat, Adatkultúra - előadáskivonat, Információtörténet - előadáskivonat
|
| 711 |
|
|
|a A lista mámora, avagy az adatkultúra története : az információgyűjtéstől a felhasználásig
|c Szeged
|d 2020. október 14.
|
| 856 |
4 |
0 |
|u http://acta.bibl.u-szeged.hu/77752/1/szim_009_015.pdf
|z Dokumentum-elérés
|